00635 2200205 4500001002100000005001700021008004100038035002500079082001100104090002000115100004500135245006200180260004300242300003400285650004400319850001200363990001800375990001800393990001800411YOGYA-0209000002614520150429104636.0 ind  a0010-020900000026145 a320.26 aR 320.26bInd H aINDONESIA. Undang-undang, peraturan, dsb aHimpunan lima peraturan perundang-undangan bidang politik aJakartabDepartemen dalam Negeric1986 aHalaman tak terhitungc21 cm. aPolitik - Undang-undang, peraturan, dsb aYOPDYOG a13826-PD/A.06 a13827-PD/A.06 a13828-PD/A.06